000 00551nam a2200241Ia 4500
008 210210b2008 xxu||||| |||| 00| 0 eng d
020 _a019569340x
041 _aeng
082 _a621.381 BELE
100 _aBELL (David A)
245 _aElectronic devices and circuits Ed 5
250 _a
260 _aNew Delhi
_bOxford University Press
_c2008
300 _axx,1072
650 _aElectronic
650 _aEd
650 _adevices
650 _acircuits
650 _aand
650 _a5
690 _aElectronics
906 _a064723
999 _c141579
_d141579